To Siam and Malaya in the Duke of Sutherlands Yacht Sans Peur

Bibliographic Details
Main Author: Caddy, Florence
Other Authors: Gullick, J.M
Format: Book
Published: Singapore : Oxford University Press , 1992
Subjects:

MARC

LEADER 00000cam a2200000 7i4500
001 0000003112
002 000003366
005 20000330.0
020 |a 019588602X 
090 0 0 |a 920   |b CAD 
100 1 |a Caddy, Florence 
245 1 0 |a To Siam and Malaya in the Duke of Sutherlands Yacht Sans Peur   |c Florence Caddy 
260 |a Singapore :   |b Oxford University Press ,   |c 1992 
300 |a 362p. ;   |c 20cm. 
650 0 0 |a Caddy, Florence   |x Biographies 
700 1 |a Gullick, J.M 
999 |a 00184643   |b BUKU   |c PINJAMAN   |e PERPUSTAKAAN KOMUNITI PETALING JAYA 
999 |a 036675   |b BUKU   |c PINJAMAN   |e PERPUSTAKAAN KOMUNITI PETALING JAYA